000 00435cam a2200157ua 4500
003 OSt
008 250802b |||||||| |||| 00| 0 eng d
041 _aeng
082 _a624.1898
_bVEN/EN
100 _aVenkatappa Rao, .
_97642
245 _aEngineering with geosynthetics /
260 _aSydney :
_bTata Mc-Graw Hill Publishing Company ,
_c1990.
300 _a316 ; .
700 1 _aSuryanarayana Raju, G V S .
_97643
942 _cBK
999 _c2719
_d2719